[Event "Wch U14 Girls"]
[Site "Florianopolis"]
[Date "2024.11.01"]
[Round "4"]
[White "Gonzalez Ortiz, Veronica Gisselle"]
[Black "Vlasova, Mariya N"]
[Result "0-1"]
[WhiteElo "1622"]
[BlackElo "1905"]
[PlyCount "80"]
[EventDate "2024.10.29"]
[EventType "swiss"]
[EventRounds "11"]
[EventCountry "BRA"]
[SourceTitle "CB45_2024"]
[Source "ChessBase"]
[SourceDate "2024.11.06"]
[SourceVersion "1"]
[SourceVersionDate "2024.11.06"]
[SourceQuality "1"]

1. e4 Nf6 2. Nc3 d5 3. exd5 Nxd5 4. Nxd5 Qxd5 5. Nf3 Nc6 6. d4 Bg4 7. Be2 0-0-0 8. c3 e5 9. dxe5 Qe4 10. Bd2 Bxf3 11. gxf3 Qxe5 12. Qc2 Bc5 13. Qe4 Bxf2+ 14. Kxf2 Rxd2 15. Qxe5 Nxe5 16. b3 Re8 17. Rhe1 Nd3+ 18. Kf1 Nxe1 19. Rxe1 Rxa2 20. h3 Raxe2 21. Rxe2 Rxe2 22. Kxe2 Kd7 23. Kd3 Ke6 24. Ke4 g5 25. c4 c5 26. f4 f5+ 27. Kf3 gxf4 28. Kxf4 Kf6 29. h4 h5 30. Kf3 Ke5 31. Ke3 f4+ 32. Kf3 Kf5 33. Kf2 Kg4 34. Kg2 f3+ 35. Kf2 Kf4 36. Kf1 Ke3 37. Ke1 f2+ 38. Kf1 a5 39. b4 axb4 40. Kg2 Ke2 0-1